The morality of law

Na minha lista:
Detalhes bibliográficos
Autor principal: Fuller, Lon L (Author)
Formato: Livro
Idioma:inglês
Publicado em: Charlottesville University Press 1969
Assuntos:
Tags: Adicionar Tag
Sem tags, seja o primeiro a adicionar uma tag!

MARC

LEADER 00000nam a2200000 a 4500
001 UCJ2703
003 CL-VaPUC
008 070112e19690000us |||||||||||||||||eng|d
020 |a 0300010702 
082 0 4 |a 340.112  |b FUL  |2 21 
100 0 |a Fuller, Lon L  |e author  |9 503621 
245 1 4 |a The morality of law 
300 |a 262 p 
942 |c BK 
945 |d 20070112 00:00:00  |a jtorresc 
260 |a Charlottesville  |b University Press  |c 1969 
650 0 |a Derecho y moral   |9 394363 
650 0 |a Etica y derecho  |9 341370 
650 0 |a Filosofía moral   |9 310115 
650 0 |a Derecho y moral   |9 394363 
583 |a last modification  |c 20171220 06:26:58  |k Rodrigo Vera 
999 |c 318837  |d 318835 
952 |0 0  |1 0  |4 0  |6 340_112000000000000_FUL_1969  |7 0  |8 A  |9 396984  |a BIBDER  |b BIBDER  |d 2019-11-22  |i 4286510  |o 340.112 FUL 1969  |p 4286510  |r 2023-01-25  |w 2019-11-22  |y BK  |k DER